000
00315 a2200157 4500
001
60297
020
_a
8506009472
040
_c
Anchieta - Pituba
100
_a
Crosher, Judith
240
1
0
_a
Os gregos
_l
por
245
1
0
_a
Os gregos
300
_a
60
362
0
_a
1995
650
4
_a
Grécia até 323
942
_c
BK
999
_c
60297
_d
60297